Statystyki dla Państwa Oceani na mapie (Quiz dla Geomexa)

Kliknij tutaj aby rozwiązać quiz!

Ogólne statystyki

  • Ten quiz został rozwiązany 36 razy
  • Średni wynik to 8 z 14

Odpowiedzi na mapie

Odpowiedzi skodowane kolorowo w zielono-czerwonej skali na mapie do tego quizu, zgodnie z poniższymi procentami.
 

Statystyki odpowiedzi

Odpowiedź% Poprawnych
Australia
95%
Nowa Zelandia
95%
Papua
Nowa Gwinea
91%
Mikronezja
77%
Kiribati
73%
Palau
55%
Fidżi
45%
Nauru
45%
Wyspy Marshalla
45%
Wyspy Salomona
41%
Samoa
36%
Vanuatu
36%
Tuvalu
32%
Tonga
27%

Rozkład punktacji

Percentyl według liczby udzielonych odpowiedzi

Procent ludzi z każdym wynikiem

Twoja historia wyników

Nie rozwiązałeś tego quizu